000 00317nam a2200121Ia 4500
008 240624s9999 xx 000 0 und d
041 _aeng
082 _a650 ICF
100 _aICFAI KNOWLEDGE CENTER
245 _aCORPORATE GOVERNANCE AT ALBERTOSON S
260 _c2003
_aHyderabad
_bICFAI
300 _a9 : p. : cm. ; 30
999 _c11709
_d11709